000 00620nam a2200181Ia 4500
008 090124s9999 xx 000 0 und d
082 _b32128
_a7459
100 _aतेंडुलकर प्रिया
245 _a ज्याचा त्याचा प्रश्न
250 _a3
260 _c2003
300 _a168
600 _aतेंडुलकर प्रिया
630 _a ज्याचा त्याचा प्रश्न
700 _aतेंडुलकर प्रिया
730 _a ज्याचा त्याचा प्रश्न
942 _cBOOK
999 _c145607
_d145607